000 00760nam a2200193 a 4500
003 0
005 20250411121553.0
008 970101s19uu xx 00 eng d
050 _aPGS GE 70
_b.M972 2004
100 _aMurata, Ignacius O.
245 _aEnvironmental awareness among grade six students of Southville International School and Colleges SY 2003-2004 /
_cIgnacius O. Murata.
260 _aLas PiƱas City, Philippines :
_bSouthville International School and Colleges,
_c2004.
300 _a25 pages :
_billustrations ;
_c28 cm.
650 _aEnvironmental education.
650 _aEnvironmental awareness.
650 _aEnvironmental organizations
_vPublic opinion.
650 _aElementary school students
_vAttitudes.
942 _2lcc
_cPASS
999 _c97032
_d97032